Ritratto di... Adriano Celentano (Record n. 98855)

Dettagli MARC
000 -LEADER
fixed length control field 02766njm a2200445Ia 4500
001 - CONTROL NUMBER
control field 24082
003 - CONTROL NUMBER IDENTIFIER
control field IT-RoPAU
005 - DATE AND TIME OF LATEST TRANSACTION
control field 20220918181109.0
008 - FIXED-LENGTH DATA ELEMENTS--GENERAL INFORMATION
fixed length control field 131025s9999 xx 000 0 und d
040 ## - CATALOGING SOURCE
Original cataloging agency IT-RoPAU
040 ## - CATALOGING SOURCE
Transcribing agency IT-RoPAU
041 ## - LANGUAGE CODE
Language code of text/sound track or separate title ITALIANO
999 ## - SYSTEM CONTROL NUMBERS (KOHA)
Koha Dewey Subclass [OBSOLETE] n.d.
100 ## - MAIN ENTRY--PERSONAL NAME
Personal name Celentano Adriano
9 (RLIN) 1546
100 ## - MAIN ENTRY--PERSONAL NAME
Relator term Autore musica
9 (RLIN) 8621
100 ## - MAIN ENTRY--PERSONAL NAME
Miscellaneous information Codice autore musica SPICS: 10821
9 (RLIN) 1548
245 ## - TITLE STATEMENT
Title Ritratto di... Adriano Celentano
250 ## - EDITION STATEMENT
Edition statement 1a ed.
260 ## - PUBLICATION, DISTRIBUTION, ETC. (IMPRINT)
Place of publication, distribution, etc. MILANO
260 ## - PUBLICATION, DISTRIBUTION, ETC. (IMPRINT)
Name of publisher, distributor, etc. CBS - SUGAR
Date of publication, distribution, etc. 1976 [1a Ed.:1976]
300 ## - PHYSICAL DESCRIPTION
Extent DISCO
500 ## - GENERAL NOTE
General note Canzone italiana. Musica leggera.
505 ## - FORMATTED CONTENTS NOTE
Formatted contents note Sei rimasta sola - Ciao ragazzi - Il problema più importante - Buonasera signorina - Pregherò - Il tangaccio - Azzurro - Chi non lavora non fa l'amore - Sabato triste - La coppia più bella del mondo - La ballata - Yuppi du
650 ## - SUBJECT ADDED ENTRY--TOPICAL TERM
Topical term or geographic name as entry element CANZONE ITALIAN [DISCHI]
Relator term Codice MATERIA SPICS: 9950
9 (RLIN) 8622
700 ## - ADDED ENTRY--PERSONAL NAME
Personal name Celentano Adriano
Relator term Interprete e autore musica
Miscellaneous information Codice interprete e autore testo/musica SPICS: 10821
Name of part/section of a work Ciao ragazzi - Chi non lavora non fa l'amore - Sabato triste - La ballata - Yuppi du
9 (RLIN) 8623
700 ## - ADDED ENTRY--PERSONAL NAME
Personal name Del Prete Miki
Relator term Autore musica
Miscellaneous information Codice autore musica SPICS: 13865
Name of part/section of a work Sei rimasta sola - Ciao ragazzi - Il problema più importante - Il tangaccio - Chi non lavora non fa l'amore - Sabato triste - La coppia più bella del mondo
9 (RLIN) 8624
700 ## - ADDED ENTRY--PERSONAL NAME
Personal name Gianco Ricky
Relator term Autore testo/musica
Miscellaneous information Codice autore testo/musica SPICS: 15544
Name of part/section of a work Sei rimasta sola
9 (RLIN) 8625
700 ## - ADDED ENTRY--PERSONAL NAME
Personal name Mogol (Rapetti Giulio)
Relator term Autore
Miscellaneous information Codice autore SPICS: 13643
Name of part/section of a work Ciao ragazzi - Il tangaccio
9 (RLIN) 8626
700 ## - ADDED ENTRY--PERSONAL NAME
Personal name Beretta Luciano
Relator term Autore musica
Miscellaneous information Codice autore musica SPICS: 13864
Name of part/section of a work Il problema più importante - Chi non lavora non fa l'amore - La coppia più bella del mondo
9 (RLIN) 8627
700 ## - ADDED ENTRY--PERSONAL NAME
Personal name Clark
Relator term Autore musica
Miscellaneous information Codice autore musica SPICS: 23686
Name of part/section of a work Il problema più importante
9 (RLIN) 8628
700 ## - ADDED ENTRY--PERSONAL NAME
Personal name Sigman C.
Relator term Autore musica
Miscellaneous information Codice autore musica SPICS: 14404
Name of part/section of a work Buonasera signorina
9 (RLIN) 8629
700 ## - ADDED ENTRY--PERSONAL NAME
Personal name De Rose
Relator term Autore testo/musica
Miscellaneous information Codice autore testo/musica SPICS: 23731
Name of part/section of a work Buonasera signorina
9 (RLIN) 8630
700 ## - ADDED ENTRY--PERSONAL NAME
Personal name King P.
Relator term Autore musica
Miscellaneous information Codice autore musica SPICS: 9720
Name of part/section of a work Pregherò
9 (RLIN) 8631
700 ## - ADDED ENTRY--PERSONAL NAME
Personal name Glick
Relator term Autore
Miscellaneous information Codice autore SPICS: 26701
Name of part/section of a work Pregherò
9 (RLIN) 8632
700 ## - ADDED ENTRY--PERSONAL NAME
Personal name Backy Don
Relator term Autore testo/musica
Miscellaneous information Codice autore testo/musica SPICS: 13846
Name of part/section of a work Pregherò - Sabato triste
9 (RLIN) 8633
700 ## - ADDED ENTRY--PERSONAL NAME
Personal name Marchetti P.
Relator term Autore musica
Miscellaneous information Codice autore musica SPICS: 14237
Name of part/section of a work Il tangaccio
9 (RLIN) 8634
700 ## - ADDED ENTRY--PERSONAL NAME
Personal name Pallavicini Vito
Relator term Autore musica
Miscellaneous information Codice autore musica SPICS: 13656
Name of part/section of a work Azzurro
9 (RLIN) 8635
700 ## - ADDED ENTRY--PERSONAL NAME
Personal name Conte Paolo
Relator term Autore testo/musica
Miscellaneous information Codice autore testo/musica SPICS: 7844
Name of part/section of a work Azzurro - La coppia più bella del mondo
9 (RLIN) 8636
942 ## - ADDED ENTRY ELEMENTS (KOHA)
Koha item type DISCHI
Source of classification or shelving scheme Dewey Decimal Classification
Dati di copia
Withdrawn status Lost status Damaged status Not for loan Home library Current library Date acquired Total Checkouts Full call number Date last seen Price effective from Koha item type Public note
    Buone Condizioni Not For Loan SPICS-MEDIATECA SPICS-MEDIATECA 25/10/2013   24082 25/10/2013 25/10/2013 DISCHI Progr. Ins.: 4929 / N.Vol.: 1 / Copie: 1 - Copia rara: n.d. / date import: 01.01.2014 - By Epidotti, Trombetti, Vaglietti
CREDITS: SOCIETA' SAN PAOLO Via A.Severo, 58 - ROMA (RM) & PERIODICI SAN PAOLO SRL Via Giotto, 36 MILANO & CISF Via Giotto, 36 MILANO & EDIZIONI SAN PAOLO SRL,  Piazza Soncino, 5 CINISELLO BALSAMO (MI) -- ITALY